01012nam a2200241 450000500170000001000150001702000270003203500140005903700130007308200190008610000250010524501570013025000100028726000350029727001160033230000300044870000370047870000410051570000340055694200260059099900190061695201350063520231129111710.0 aENG-138478 a9789389152074c4999.00 aEN-122011 bDBAD/PUB a759.9542First aMaity, Paresh959167 aParesh Maity:cBy Paresh Maity Photograph By Nemai Ghosh ;Concept By Sunil Sud and Design By Vishwajyoti Ghosh bA portrait of the Artist in ther World/ aFirst aChennai bWestland Booksc2020 a1st Floor A Block, East Wing, Plot No 40, SP Infocity, Dr MGR Salai, Perungudi, KandanchavadibChennai e600096 a354p.c36cm(hbk)bill,col aGhosh, Nemai ePhotograph959168 a Ghosh , Vishwajyoti eDesign959169 a Sud, Sunil eConcept 959170 2ddccENh759.954mPAR c199285d199285 001040718REFaAVbAVd2023-11-29eDBAD/PUBg4999.00l0o759.954 PARpEN-122011r2023-11-29 00:00:00t1v4999.00w2023-11-29yEN